00536 2200169 4500001002100000005001500021035002000036245012600056100002700182300003400209260004700243082001000290084001600300020002200316600001100338990001700349INLIS00000000000036320241017075557 a0010-10240001031 aKeajaiban Shalat, Sedekah, dan Silahturahmi : Kunci Utama Meraih Sukses, Sehat, Kaya dan Bahagia /cH. Amirullah Syarbini0 aSyarbini, H. Amirullah a175 hlm :bilus ;c14 X 21 cm aJakarta :bPT Elex Media Komputindo,c2011 a297.3 a297.3 SYA k a978-979-27-9706-4 4aIbadah a0996/PP/2023